Central Library OPAC University of Rajshahi

Central sales tax law / (Record no. 5163)

MARC details
000 -LEADER
fixed length control field 00868cam a2200277 4500
001 - CONTROL NUMBER
control field 5163
003 - CONTROL NUMBER IDENTIFIER
rucl marc code BD-RjUL
005 - DATE AND TIME OF LATEST TRANSACTION
control field 20211208234024.0
008 - FIXED-LENGTH DATA ELEMENTS--GENERAL INFORMATION
fixed length control field 131224s1973 ii 001 0 eng
035 ## - SYSTEM CONTROL NUMBER
System control number (BD-RjUL)5199
040 ## - CATALOGING SOURCE
Original cataloging agency DLC
Transcribing agency DLC
Modifying agency DLC
-- BD-RjUL
Language of cataloging eng
041 ## - LANGUAGE CODE
Language code of text/sound track or separate title eng
082 00 - DEWEY DECIMAL CLASSIFICATION NUMBER
Classification number 343.54055
Author mark and year CHC 1973
100 1# - MAIN ENTRY--PERSONAL NAME
Personal name Chaturvedi, K.
9 (RLIN) 16272
245 10 - TITLE STATEMENT
Title Central sales tax law /
Statement of responsibility, etc. by K. Chaturvedi.
250 ## - EDITION STATEMENT
Edition statement 3d ed.
260 ## - PUBLICATION, DISTRIBUTION, ETC. (IMPRINT)
Place of publication, distribution, etc. Calcutta :
Name of publisher, distributor, etc. Eastern Law House,
Date of publication, distribution, etc. 1973.
300 ## - PHYSICAL DESCRIPTION
Pagination xlviii, 635 p. :
Size 25 cm.
500 ## - GENERAL NOTE
General note Includes the text of the Central sales tax act, 1956, as amended up to 1st April 1973.
504 ## - BIBLIOGRAPHY, ETC. NOTE
Bibliography, etc Includes Index.
650 #0 - SUBJECT ADDED ENTRY--TOPICAL TERM
Topical term or geographic name as entry element Sales tax
General subdivision Law and legislation
Geographic subdivision India.
9 (RLIN) 16273
710 12 - ADDED ENTRY--CORPORATE NAME
Corporate name or jurisdiction name as entry element India.
Title of a work Central Sales Tax Act, 1956. 1973.
9 (RLIN) 16274
942 ## - ADDED ENTRY ELEMENTS (KOHA)
Source of classification or shelving scheme Dewey Decimal Classification
Koha item type Books
Holdings
Lost status Source of classification or shelving scheme Damaged status Not for loan Collection code Permanent Location Current Location Shelving location Date acquired Source of acquisition Cost, normal purchase price Total Checkouts Full call number Date last seen Copy number Koha item type
  Dewey Decimal Classification   Not For Loan Non-fiction Central Library, University of Rajshahi Central Library, University of Rajshahi   11/01/1974 Warsi Book Corporation 62.00   343.54055 CHC 1973 24/12/2013 C-1 Books